Integrated online library catalogs

Bibliographic Details
Other Authors: Cargill, Jennifer
Format: Book
Published: London : Meckler Publishing , 1991
Subjects:

MARC

LEADER 00000cam a2200000 7i4500
001 0000033607
002 000036280
005 20000331.0
020 |a 0887366759 
090 0 0 |a 025.3132   |b INT 
245 0 0 |a Integrated online library catalogs   |c edited by Jennifer Cargill 
260 |a London :   |b Meckler Publishing ,   |c 1991 
300 |a 96p. ;   |c 24cm. 
650 0 0 |a Catalogs,on-line 
650 0 0 |a Libraries and electronic publishing 
650 0 0 |a On-line data processing   |x Library applications 
700 1 |a Cargill, Jennifer 
999 |a 029615   |b BUKU   |c RUJUKAN   |e PERPUSTAKAAN KOMUNITI PETALING JAYA